Name all the premier league teams - then the teams' cities and stadium - Statistics

General Stats
  • This quiz has been taken 67 times
  • The average score is 48 of 60
Answer Stats
Hint Answer % Correct
Liverpool
100%
Liverpool
100%
Liverpool
100%
Chelsea
97%
Everton
97%
Cities London
97%
London
97%
London
97%
London
97%
London
97%
London
97%
London
97%
Teams Arsenal
95%
Manchester City
95%
Manchester United
95%
Anfield
93%
Tottenham Hotspur
93%
Birmingham
90%
Aston Villa
88%
Brighton
88%
Brighton Hove Albion
88%
Manchester
88%
Manchester
88%
West Ham United
88%
Crystal Palace
87%
Fulham
87%
Luton
87%
Luton Town
87%
Newcastle United
87%
Newcastle upon Tyne
87%
Old Trafford
87%
Burnley
85%
Burnley
85%
Bournemouth
83%
Bournemouth
83%
Brentford
83%
Stadiums Emirates Stadium
82%
Wolverhampton Wanderers
82%
Nottingham
80%
Nottingham Forest
78%
Stamford Bridge
78%
Etihad Stadium
77%
Goodison
77%
Sheffield
77%
Wolverhampton
75%
Sheffield United
70%
Villa Park
70%
Craven Cottage
68%
London Stadium
68%
St James' Park
68%
Tottenham Hotspur Stadium
63%
Turf Moor
62%
Selhurst Park
57%
City Ground
48%
Vitality Stadium
48%
Molineux Stadium
45%
American Express Stadium
43%
Bramall Lane
43%
Kenilworth Road
40%
Gtech Community Stadium
33%
No matching quizzes found
Score Distribution
Percent of People with Each Score
Percentile by Number Answered
Your Score History
You have not taken this quiz